[Event "DEM U10w 2019"]
[Site "Willingen GER"]
[Date "2019.06.10"]
[Round "4"]
[White "Mirnaya, Veronika"]
[Black "Glotz, Diana"]
[Result "1-0"]
[Termination "normal"]
[Board "1"]
[WhiteElo "1237"]
[BlackElo "1244"]
[WhiteClock "00:55:34"]
[BlackClock "00:02:11"]
[PlyCount "89"]
[WhiteFideId "16277406"]
[BlackFideId "16278500"]
[EventCountry "GER"]
[EventRounds "11"]
[EventType "swiss"]
[EventDate "2019.06.08"]

1. e4 {[%clk 1:15:56]} 1... e6 {[%clk 1:15:53]} 2. d4 {[%clk 1:16:18]} 2... d5
{[%clk 1:16:13]} 3. e5 {[%clk 1:16:38]} 3... c5 {[%clk 1:16:28]} 4. c3 { [%clk
1:16:58]} 4... Nc6 {[%clk 1:16:43]} 5. Nf3 {[%clk 1:17:17]} 5... Qb6 { [%clk
1:16:16]} 6. a3 {[%clk 1:17:04]} 6... Bd7 {[%clk 1:15:40]} 7. b4 { [%clk
1:16:55]} 7... cxd4 {[%clk 1:14:16]} 8. cxd4 {[%clk 1:17:11]} 8... Nge7 { [%clk
1:09:59]} 9. Be3 {[%clk 1:15:46]} 9... Ng6 {[%clk 1:04:38]} 10. Bd3 { [%clk
1:15:29]} 10... Be7 {[%clk 1:00:24]} 11. O-O {[%clk 1:15:41]} 11... O-O { [%clk
0:59:09]} 12. Nbd2 {[%clk 1:15:22]} 12... f6 {[%clk 0:58:19]} 13. Qc2 { [%clk
1:14:58]} 13... Rac8 {[%clk 0:51:50]} 14. Bxg6 {[%clk 1:11:47]} 14... hxg6
{[%clk 0:52:01]} 15. Qxg6 {[%clk 1:11:55]} 15... Be8 {[%clk 0:48:56]} 16. Qg4
{[%clk 1:11:41]} 16... f5 {[%clk 0:43:52]} 17. Qg3 {[%clk 1:10:47]} 17... Nd8
{[%clk 0:41:02]} 18. Bg5 {[%clk 1:10:38]} 18... Bxg5 {[%clk 0:40:23]} 19. Qxg5
{[%clk 1:10:27]} 19... Bb5 {[%clk 0:37:29]} 20. Rfc1 {[%clk 1:07:41]} 20... Nf7
{[%clk 0:37:00]} 21. Qh4 {[%clk 1:07:19]} 21... a5 {[%clk 0:34:42]} 22. Rc5
{[%clk 1:06:26]} 22... Rc7 {[%clk 0:32:42]} 23. a4 {[%clk 1:03:57]} 23... Bd3
{[%clk 0:31:05]} 24. bxa5 {[%clk 1:03:56]} 24... Qb2 {[%clk 0:30:14]} 25. Rb1
{[%clk 0:58:30]} 25... Bxb1 {[%clk 0:30:09]} 26. Rxc7 26... Qa1 { [%clk
0:27:05]} 27. Rc1 {[%clk 0:58:37]} 27... Qxa4 {[%clk 0:19:54]} 28. Rxb1 { [%clk
0:58:24]} 28... Qc6 {[%clk 0:14:58]} 29. h3 {[%clk 0:57:48]} 29... g5 { [%clk
0:13:46]} 30. Nxg5 {[%clk 0:55:23]} 30... Nxg5 {[%clk 0:13:15]} 31. Qxg5+
{[%clk 0:55:46]} 31... Kh8 {[%clk 0:13:23]} 32. Qe7 {[%clk 0:54:54]} 32... Rb8
{[%clk 0:11:22]} 33. Nf3 {[%clk 0:54:40]} 33... Re8 {[%clk 0:09:13]} 34. Qf7 {
[%clk 0:54:15]} 34... Rg8 {[%clk 0:08:02]} 35. Rxb7 {[%clk 0:54:13]} 35... Qc1+
{[%clk 0:08:27]} 36. Kh2 {[%clk 0:54:37]} 36... Qh6 {[%clk 0:07:33]} 37. Qf6+ {
[%clk 0:54:10]} 37... Qxf6 {[%clk 0:07:17]} 38. exf6 {[%clk 0:54:33]} 38... Rf8
{[%clk 0:07:20]} 39. a6 {[%clk 0:54:54]} 39... Ra8 {[%clk 0:05:36]} 40. a7 {
[%clk 0:55:00]} 40... Rf8 {[%clk 0:02:38]} 41. Rb8 {[%clk 0:55:17]} 41... Rxb8
{[%clk 0:03:01]} 42. axb8=Q+ 42... Kh7 {[%clk 0:03:11]} 43. Qc7+ { [%clk
0:55:13]} 43... Kh6 {[%clk 0:03:00]} 44. Qg7+ {[%clk 0:55:34]} 44... Kh5 {[%clk
0:02:11]} 45. Qg5# 1-0

[Event "DEM U10w 2019"]
[Site "Willingen GER"]
[Date "2019.06.10"]
[Round "4"]
[White "Wartenberg, Alissa"]
[Black "Vöcking, Julia"]
[Result "1-0"]
[Termination "normal"]
[Board "2"]
[WhiteElo "1291"]
[BlackElo "812"]
[WhiteClock "01:06:06"]
[BlackClock "01:15:40"]
[PlyCount "35"]
[WhiteFideId "16280741"]
[BlackFideId "16287444"]
[EventCountry "GER"]
[EventRounds "11"]
[EventType "swiss"]
[EventDate "2019.06.08"]

1. e4 {[%clk 1:15:57]} 1... d6 {[%clk 1:15:48]} 2. d4 {[%clk 1:16:21]} 2... Nf6
{[%clk 1:16:12]} 3. Nc3 {[%clk 1:16:42]} 3... g6 {[%clk 1:16:38]} 4. f3 { [%clk
1:17:01]} 4... Bg7 {[%clk 1:16:55]} 5. Be3 {[%clk 1:17:13]} 5... O-O { [%clk
1:17:17]} 6. Qd2 {[%clk 1:17:28]} 6... Nc6 {[%clk 1:17:32]} 7. O-O-O { [%clk
1:17:03]} 7... e5 {[%clk 1:17:55]} 8. d5 {[%clk 1:17:23]} 8... Ne7 { [%clk
1:18:12]} 9. Bh6 {[%clk 1:17:03]} 9... c6 {[%clk 1:17:53]} 10. g4 { [%clk
1:08:38]} 10... b5 {[%clk 1:16:09]} 11. h4 {[%clk 1:08:36]} 11... b4 { [%clk
1:16:11]} 12. Nb1 {[%clk 1:08:43]} 12... cxd5 {[%clk 1:16:25]} 13. exd5 { [%clk
1:08:10]} 13... Nfxd5 {[%clk 1:16:32]} 14. h5 {[%clk 1:06:06]} 14... Bb7 {[%clk
1:15:40]} 15. hxg6 fxg6 16. Bxg7 Kxg7 17. Qh6+ Kg8 18. Qxh7# 1-0

[Event "DEM U10w 2019"]
[Site "Willingen GER"]
[Date "2019.06.10"]
[Round "4"]
[White "Pröttel, Ela"]
[Black "Bangiev, Katharina"]
[Result "1/2-1/2"]
[Termination "normal"]
[Board "3"]
[WhiteElo "1333"]
[BlackElo "1003"]
[WhiteClock "00:19:01"]
[BlackClock "00:54:46"]
[PlyCount "42"]
[WhiteFideId "44582749"]
[BlackFideId "16267230"]
[EventCountry "GER"]
[EventRounds "11"]
[EventType "swiss"]
[EventDate "2019.06.08"]

1. d4 {[%clk 1:15:58]} 1... g6 {[%clk 1:15:50]} 2. Bf4 {[%clk 1:16:11]} 2...
Bg7 {[%clk 1:16:05]} 3. Nc3 {[%clk 1:16:07]} 3... Nf6 {[%clk 1:16:01]} 4. e4 {
[%clk 1:16:06]} 4... d6 {[%clk 1:16:08]} 5. Qd2 {[%clk 1:16:00]} 5... Nc6 {
[%clk 1:15:42]} 6. d5 {[%clk 1:15:04]} 6... Ne5 {[%clk 1:14:33]} 7. f3 { [%clk
1:14:32]} 7... O-O {[%clk 1:13:49]} 8. Bh6 {[%clk 1:14:16]} 8... c6 { [%clk
1:13:31]} 9. dxc6 {[%clk 1:02:53]} 9... bxc6 {[%clk 1:12:44]} 10. g4 { [%clk
0:55:50]} 10... Qb6 {[%clk 1:12:15]} 11. O-O-O {[%clk 0:49:53]} 11... Bd7
{[%clk 1:02:33]} 12. Bxg7 {[%clk 0:47:19]} 12... Kxg7 {[%clk 1:02:52]} 13. h4 {
[%clk 0:42:33]} 13... Rfb8 {[%clk 1:02:22]} 14. b3 {[%clk 0:41:20]} 14... a5 {
[%clk 1:02:22]} 15. a4 {[%clk 0:40:54]} 15... Qb4 {[%clk 0:59:34]} 16. h5 {
[%clk 0:35:56]} 16... Qa3+ {[%clk 0:58:26]} 17. Kb1 {[%clk 0:35:43]} 17... Rh8
{[%clk 0:56:30]} 18. Bg2 {[%clk 0:23:43]} 18... c5 {[%clk 0:56:17]} 19. Qc1 {
[%clk 0:20:24]} 19... Qxc1+ {[%clk 0:56:13]} 20. Kxc1 {[%clk 0:20:25]} 20...
Rab8 {[%clk 0:55:16]} 21. Nge2 {[%clk 0:19:01]} 21... Rb4 {[%clk 0:54:46]}
1/2-1/2

[Event "DEM U10w 2019"]
[Site "Willingen GER"]
[Date "2019.06.10"]
[Round "4"]
[White "Bakó, Evelin"]
[Black "Oellrich, Emma"]
[Result "0-1"]
[Termination "normal"]
[Board "4"]
[WhiteElo "1152"]
[BlackElo "1484"]
[WhiteClock "00:14:51"]
[BlackClock "00:52:34"]
[PlyCount "105"]
[WhiteFideId "16271823"]
[BlackFideId "16268806"]
[EventCountry "GER"]
[EventRounds "11"]
[EventType "swiss"]
[EventDate "2019.06.08"]

1. e4 1... e6 {[%clk 0:52:34]} 2. d4 2... d5 {[%clk 0:52:34]} 3. Bd3 3... dxe4
{[%clk 0:52:34]} 4. Bxe4 4... Nf6 {[%clk 0:52:34]} 5. Bf3 5... c5 { [%clk
0:52:34]} 6. Ne2 6... Nc6 {[%clk 0:52:34]} 7. Be3 7... cxd4 { [%clk 0:52:34]}
8. Nxd4 8... Ne5 {[%clk 0:52:34]} 9. Be2 9... Be7 { [%clk 0:52:34]} 10. O-O
10... O-O {[%clk 0:52:34]} 11. Nc3 11... b6 { [%clk 0:52:34]} 12. f4 12... Ng6
{[%clk 0:52:34]} 13. Bf3 13... Nd5 { [%clk 0:52:34]} 14. Nxd5 14... exd5 {[%clk
0:52:34]} 15. Nc6 15... Qc7 { [%clk 0:52:34]} 16. Bxd5 16... Bb7 {[%clk
0:52:34]} 17. Qf3 17... Bxc6 { [%clk 0:52:34]} 18. Bxc6 18... Rac8 {[%clk
0:52:34]} 19. Bb7 19... Nh4 { [%clk 0:52:34]} 20. Qe4 20... Qxc2 {[%clk
0:52:34]} 21. Qxc2 21... Rxc2 { [%clk 0:52:34]} 22. f5 22... g6 {[%clk
0:52:34]} 23. fxg6 23... Nxg6 { [%clk 0:52:34]} 24. Bh6 24... Bc5+ {[%clk
0:52:34]} 25. Kh1 25... Rd8 { [%clk 0:52:34]} 26. Rf6 26... Be7 {[%clk
0:52:34]} 27. Rf3 27... Rxb2 { [%clk 0:52:34]} 28. Raf1 28... f6 {[%clk
0:52:34]} 29. Rg3 29... Rf2 { [%clk 0:52:34]} 30. Rf3 30... Rxf3 {[%clk
0:52:34]} 31. gxf3 31... Bf8 { [%clk 0:52:34]} 32. Be3 32... Re8 {[%clk
0:52:34]} 33. Bd5+ 33... Kg7 { [%clk 0:52:34]} 34. Bc1 34... Bd6 {[%clk
0:52:34]} 35. Rg1 35... Re2 { [%clk 0:52:34]} 36. f4 36... Bc5 {[%clk 0:52:34]}
37. Rf1 37... Rf2 { [%clk 0:52:34]} 38. Rd1 38... Nxf4 {[%clk 0:52:34]} 39.
Rg1+ 39... Ng6 { [%clk 0:52:34]} 40. Rd1 40... Bd6 {[%clk 0:52:34]} 41. Rd2
41... Rf1+ { [%clk 0:52:34]} 42. Kg2 42... Rxc1 {[%clk 0:52:34]} 43. Kf3 43...
Ne5+ { [%clk 0:52:34]} 44. Ke4 44... Re1+ {[%clk 0:52:34]} 45. Kf5 45... Rg1 {
[%clk 0:52:34]} 46. Ke6 46... Bc5 {[%clk 0:52:34]} 47. h4 47... h5 { [%clk
0:52:34]} 48. a4 48... a5 {[%clk 0:52:34]} 49. Be4 49... Rg4 { [%clk 0:52:34]}
50. Bc6 50... Nxc6 {[%clk 0:52:34]} 51. Rd7+ 51... Kg6 { [%clk 0:52:34]} 52.
Kd5 52... Nb4+ {[%clk 0:52:34]} 53. Ke6 0-1

[Event "DEM U10w 2019"]
[Site "Willingen GER"]
[Date "2019.06.10"]
[Round "4"]
[White "Sickmann, Lisa"]
[Black "Moradi, Yassaman"]
[Result "1-0"]
[Termination "normal"]
[Board "5"]
[WhiteElo "1418"]
[BlackElo "1174"]
[WhiteClock "01:09:50"]
[BlackClock "01:03:15"]
[PlyCount "47"]
[WhiteFideId "16267818"]
[BlackFideId "16279964"]
[EventCountry "GER"]
[EventRounds "11"]
[EventType "swiss"]
[EventDate "2019.06.08"]

1. e4 {[%clk 1:15:49]} 1... c5 {[%clk 1:15:54]} 2. Nf3 {[%clk 1:15:47]} 2... d6
{[%clk 1:16:18]} 3. d4 {[%clk 1:15:34]} 3... cxd4 {[%clk 1:16:26]} 4. Nxd4 {
[%clk 1:15:23]} 4... Nf6 {[%clk 1:16:34]} 5. Nc3 {[%clk 1:14:55]} 5... a6 {
[%clk 1:15:47]} 6. f3 {[%clk 1:14:48]} 6... e5 {[%clk 1:15:10]} 7. Nb3 { [%clk
1:14:48]} 7... Be6 {[%clk 1:14:42]} 8. Be3 {[%clk 1:13:46]} 8... Be7 { [%clk
1:14:33]} 9. Qd2 {[%clk 1:13:21]} 9... O-O {[%clk 1:14:47]} 10. O-O-O { [%clk
1:12:30]} 10... Nbd7 {[%clk 1:13:59]} 11. g4 {[%clk 1:10:35]} 11... b5 { [%clk
1:13:45]} 12. h4 {[%clk 1:08:54]} 12... Nb6 {[%clk 1:12:24]} 13. Kb1 { [%clk
1:09:04]} 13... Nc4 {[%clk 1:11:17]} 14. Bxc4 {[%clk 1:08:26]} 14... bxc4
{[%clk 1:09:54]} 15. Nc1 {[%clk 1:08:12]} 15... a5 {[%clk 1:09:34]} 16. h5 {
[%clk 1:08:24]} 16... h6 {[%clk 1:09:33]} 17. g5 {[%clk 1:08:40]} 17... Nh7 {
[%clk 1:09:34]} 18. gxh6 {[%clk 1:08:54]} 18... gxh6 {[%clk 1:09:42]} 19. Bxh6
{[%clk 1:09:01]} 19... Bg5 {[%clk 1:08:54]} 20. Rhg1 {[%clk 1:09:07]} 20... Kh8
{[%clk 1:08:55]} 21. Bxg5 {[%clk 1:09:14]} 21... Qb6 {[%clk 1:04:44]} 22. Bf6+
{[%clk 1:09:25]} 22... Nxf6 {[%clk 1:03:43]} 23. Qh6+ {[%clk 1:09:50]} 23...
Nh7 {[%clk 1:03:15]} 24. Qg7# 1-0

[Event "DEM U10w 2019"]
[Site "Willingen GER"]
[Date "2019.06.10"]
[Round "4"]
[White "Czäczine, Paula"]
[Black "Trunz, Tamila"]
[Result "1-0"]
[Termination "normal"]
[Board "6"]
[WhiteElo "1170"]
[BlackElo "1273"]
[WhiteClock "01:05:43"]
[BlackClock "00:28:39"]
[PlyCount "77"]
[WhiteFideId "16249305"]
[BlackFideId "16267885"]
[EventCountry "GER"]
[EventRounds "11"]
[EventType "swiss"]
[EventDate "2019.06.08"]

1. e4 {[%clk 1:15:57]} 1... e5 {[%clk 1:15:53]} 2. Nf3 {[%clk 1:16:24]} 2...
Nc6 {[%clk 1:16:16]} 3. d4 {[%clk 1:16:49]} 3... exd4 {[%clk 1:16:25]} 4. c3 {
[%clk 1:17:09]} 4... dxc3 {[%clk 1:16:20]} 5. Bc4 {[%clk 1:17:28]} 5... Nf6 {
[%clk 1:16:09]} 6. Nxc3 {[%clk 1:17:49]} 6... Bb4 {[%clk 1:16:27]} 7. O-O {
[%clk 1:17:20]} 7... O-O {[%clk 1:16:31]} 8. e5 {[%clk 1:17:02]} 8... Ng4 {
[%clk 1:16:12]} 9. Re1 {[%clk 1:11:53]} 9... Re8 {[%clk 1:14:55]} 10. Qd5 {
[%clk 1:09:29]} 10... Qe7 11. Bg5 11... Qe6 {[%clk 1:09:57]} 12. Qe4 { [%clk
1:09:08]} 12... d5 {[%clk 1:04:27]} 13. Bxd5 {[%clk 1:09:21]} 13... Qg6 { [%clk
1:01:21]} 14. Bxc6 {[%clk 1:08:34]} 14... Bxc3 {[%clk 1:00:21]} 15. Bxe8 {[%clk
1:08:03]} 15... Bxe1 {[%clk 0:54:48]} 16. Qxg6 {[%clk 1:07:19]} 16... Bxf2+
{[%clk 0:52:14]} 17. Kf1 {[%clk 1:07:34]} 17... hxg6 {[%clk 0:52:04]} 18. h3
{[%clk 1:07:34]} 18... Be3 {[%clk 0:48:39]} 19. hxg4 {[%clk 1:07:39]} 19...
Bxg5 {[%clk 0:47:04]} 20. Nxg5 {[%clk 1:08:02]} 20... f6 {[%clk 0:46:55]} 21.
Nf3 {[%clk 1:07:46]} 21... Bxg4 {[%clk 0:45:52]} 22. Bxg6 {[%clk 1:07:34]}
22... Bxf3 {[%clk 0:45:39]} 23. gxf3 {[%clk 1:07:49]} 23... fxe5 { [%clk
0:45:40]} 24. Re1 {[%clk 1:07:59]} 24... Rf8 {[%clk 0:45:19]} 25. Kf2 { [%clk
1:07:32]} 25... Rf6 {[%clk 0:45:16]} 26. Bd3 {[%clk 1:07:03]} 26... g5 { [%clk
0:44:32]} 27. Rxe5 {[%clk 1:06:56]} 27... g4 {[%clk 0:42:58]} 28. Rg5+ { [%clk
1:07:09]} 28... Kh8 {[%clk 0:41:16]} 29. Rxg4 {[%clk 1:07:19]} 29... Rh6 {[%clk
0:40:40]} 30. Be4 {[%clk 1:05:50]} 30... Rh2+ {[%clk 0:37:24]} 31. Ke3 { [%clk
1:06:01]} 31... Rxb2 {[%clk 0:37:30]} 32. a4 {[%clk 1:05:49]} 32... c6 { [%clk
0:36:25]} 33. f4 {[%clk 1:04:42]} 33... Ra2 {[%clk 0:34:13]} 34. f5 { [%clk
1:04:21]} 34... Rxa4 {[%clk 0:31:04]} 35. f6 {[%clk 1:04:40]} 35... Ra3+ {[%clk
0:30:02]} 36. Bd3 {[%clk 1:04:55]} 36... Ra2 {[%clk 0:29:59]} 37. f7 { [%clk
1:05:10]} 37... Rf2 {[%clk 0:28:30]} 38. Kxf2 {[%clk 1:05:29]} 38... b5 { [%clk
0:28:39]} 39. f8=Q# {[%clk 1:05:43]} 1-0

[Event "DEM U10w 2019"]
[Site "Willingen GER"]
[Date "2019.06.10"]
[Round "4"]
[White "Ezold, Johanna Sophie"]
[Black "Moldovan, Tatiana"]
[Result "0-1"]
[Termination "normal"]
[Board "7"]
[WhiteElo "1076"]
[BlackElo "1269"]
[PlyCount "80"]
[WhiteFideId "16275411"]
[BlackFideId "16287398"]
[EventCountry "GER"]
[EventRounds "11"]
[EventType "swiss"]
[EventDate "2019.06.08"]

1. e4 c5 2. Nf3 a6 3. a3 e6 4. g3 Ne7 5. Bg2 Ng6 6. d3 Be7 7. Be3 Nc6 8. c3 b5
9. Bd2 Bb7 10. O-O O-O 11. b4 d5 12. exd5 exd5 13. Be3 c4 14. dxc4 dxc4 15.
Nbd2 a5 16. bxa5 Qxa5 17. Qc2 Qc7 18. Qb2 Na7 19. Bxa7 Rxa7 20. Qxb5 Bxa3 21.
Nxc4 Bc5 22. Rxa7 Bxa7 23. Qb3 Bd5 24. Nfd2 Be6 25. Qa4 Rc8 26. Ne3 Bxe3 27.
fxe3 Qxc3 28. Ne4 Qxe3+ 29. Kh1 Bd5 30. Qd7 Be6 31. Qb7 Qb3 32. Ng5 Qxb7 33.
Bxb7 Rc7 34. Be4 Bc4 35. Rc1 Ne5 36. Nxh7 f6 37. Kg2 Ra7 38. Rd1 Ra2+ 39. Kh3
Be6+ 40. Kh4 Rxh2# 0-1

[Event "DEM U10w 2019"]
[Site "Willingen GER"]
[Date "2019.06.10"]
[Round "4"]
[White "Bauer, Laura Sophie"]
[Black "Heutling, Sarah"]
[Result "0-1"]
[Termination "normal"]
[Board "8"]
[WhiteElo "1356"]
[BlackElo "1147"]
[PlyCount "58"]
[WhiteFideId "16253647"]
[BlackFideId "16287304"]
[EventCountry "GER"]
[EventRounds "11"]
[EventType "swiss"]
[EventDate "2019.06.08"]

1. e4 e5 2. Nf3 Nc6 3. Bb5 a6 4. Ba4 Nf6 5. O-O Be7 6. Re1 b5 7. Bb3 Na5 8.
Nxe5 Nxb3 9. axb3 d6 10. Nf3 O-O 11. d4 d5 12. e5 Ne4 13. Nbd2 Bf5 14. Nf1 c5
15. c3 Bg4 16. h3 Bh5 17. Ng3 Nxg3 18. fxg3 b4 19. Rf1 a5 20. Qd3 Rc8 21. Rxa5
Qxa5 22. Ng5 Bg6 23. Qf3 h6 24. h4 hxg5 25. hxg5 Be4 26. Qh5 bxc3 27. Kf2 Bg6
28. Qh4 f6 29. e6 fxg5+ 0-1

[Event "DEM U10w 2019"]
[Site "Willingen GER"]
[Date "2019.06.10"]
[Round "4"]
[White "Bakó, Isabella"]
[Black "Halas, Neele Zoe"]
[Result "1-0"]
[Termination "normal"]
[Board "9"]
[WhiteElo "1215"]
[BlackElo "1109"]
[PlyCount "71"]
[WhiteFideId "16287266"]
[BlackFideId "16287282"]
[EventCountry "GER"]
[EventRounds "11"]
[EventType "swiss"]
[EventDate "2019.06.08"]

1. e4 e5 2. Nf3 Nc6 3. Bb5 Nge7 4. O-O g6 5. c3 Bg7 6. d4 exd4 7. cxd4 d5 8.
exd5 Nxd5 9. Re1+ Be6 10. Ng5 O-O 11. Rxe6 fxe6 12. Nxe6 Qh4 13. Nxf8 Rxf8 14.
Qe2 Nxd4 15. Qd2 Nxb5 16. Qxd5+ Kh8 17. g3 Qd8 18. Qxb5 Qd1+ 19. Qf1 Qc2 20.
Nc3 Bxc3 21. bxc3 Rd8 22. Bg5 Rd6 23. Re1 Qd3 24. Bf6+ Kg8 25. Qxd3 Rxd3 26.
Re7 Rd1+ 27. Kg2 Ra1 28. Rxc7 Rxa2 29. Rxb7 a5 30. c4 a4 31. c5 a3 32. c6 Rc2
33. c7 a2 34. Be5 Kf7 35. c8=Q+ Rc7 36. Rxc7# 1-0

[Event "DEM U10w 2019"]
[Site "Willingen GER"]
[Date "2019.06.10"]
[Round "4"]
[White "Haug, Mara"]
[Black "Moldovan, Stela"]
[Result "1-0"]
[Termination "normal"]
[Board "10"]
[WhiteElo "1097"]
[BlackElo "1193"]
[PlyCount "51"]
[WhiteFideId "16259300"]
[BlackFideId "16287380"]
[EventCountry "GER"]
[EventRounds "11"]
[EventType "swiss"]
[EventDate "2019.06.08"]

1. e4 c5 2. Nf3 a6 3. d4 cxd4 4. Nxd4 Nf6 5. Nc3 e5 6. Nb3 Nc6 7. Be2 Bb4 8. f3
a5 9. a4 d6 10. O-O O-O 11. Bg5 h6 12. Bh4 Nd4 13. Nxd4 exd4 14. Nd5 Bc5 15.
Nxf6+ gxf6 16. Kh1 Be6 17. f4 Qc8 18. f5 Bd7 19. Bxf6 d5 20. Bh5 Kh7 21. Rf4
Bd6 22. e5 Bc5 23. Qf3 Qc6 24. Rg4 Rg8 25. Bxf7 Be8 26. Bxg8# 1-0

[Event "DEM U10w 2019"]
[Site "Willingen GER"]
[Date "2019.06.10"]
[Round "4"]
[White "Richter, Johanna"]
[Black "Lichtenegger, Katharina"]
[Result "0-1"]
[Termination "normal"]
[Board "11"]
[WhiteElo "936"]
[BlackElo "1238"]
[PlyCount "80"]
[WhiteFideId "16278925"]
[BlackFideId "16287355"]
[EventCountry "GER"]
[EventRounds "11"]
[EventType "swiss"]
[EventDate "2019.06.08"]

1. d4 d5 2. Bf4 Nf6 3. e3 Bf5 4. Bd3 Bg6 5. c3 e6 6. Nf3 c5 7. O-O Bxd3 8. Qxd3
c4 9. Qc2 Nbd7 10. Nbd2 Be7 11. Rae1 O-O 12. Ne5 Nxe5 13. Bxe5 Nd7 14. Bf4 Bg5
15. Bd6 Re8 16. Bg3 Qf6 17. Nf3 Rac8 18. Qa4 Rc6 19. Qxa7 Rb6 20. Qa5 Rc6 21.
Qb5 Nb6 22. Ne5 Rcc8 23. Qxb6 Qe7 24. Qa5 Ra8 25. Qb5 Rxa2 26. Ra1 Raa8 27. Nd7
Red8 28. Nb6 Rxa1 29. Rxa1 Bh4 30. Bxh4 Qxh4 31. Ra8 h6 32. Rxd8+ Qxd8 33. Nd7
Qa8 34. g3 Qa1+ 35. Kg2 Qb1 36. Qxb7 Qe4+ 37. Kh3 Qf5+ 38. g4 Qf3+ 39. Kh4 g5+
40. Kh5 Qh3# 0-1

[Event "DEM U10w 2019"]
[Site "Willingen GER"]
[Date "2019.06.10"]
[Round "4"]
[White "Wehling, Ida"]
[Black "Schülke, Rosalie"]
[Result "0-1"]
[Termination "normal"]
[Board "12"]
[WhiteElo "1093"]
[BlackElo "995"]
[PlyCount "78"]
[WhiteFideId "16287452"]
[BlackFideId "16287436"]
[EventCountry "GER"]
[EventRounds "11"]
[EventType "swiss"]
[EventDate "2019.06.08"]

1. e4 e6 2. d4 d5 3. exd5 exd5 4. c4 Nf6 5. Nf3 c5 6. Bd3 Nc6 7. Qa4 Qb6 8.
cxd5 Nxd5 9. Bc4 Be6 10. Be3 Nxe3 11. fxe3 Bxc4 12. Qxc4 Qxb2 13. Qc3 Qxg2 14.
Rf1 cxd4 15. exd4 Bb4 16. Qd2 Bxd2+ 17. Nbxd2 Qg6 18. d5 Nb4 19. Rb1 Nc2+ 20.
Ke2 Qa6+ 21. Kf2 Qxa2 22. Rfc1 O-O 23. Rg1 Rac8 24. d6 Qd5 25. Rbd1 Qc5+ 26.
Kg3 Qxd6+ 27. Kh3 Qh6+ 28. Nh4 Rcd8 29. Rg2 Ne3 30. Re1 Nxg2 31. Kxg2 Rxd2+ 32.
Kh3 Rxh2+ 33. Kxh2 Qxh4+ 34. Kg2 Qxe1 35. Kf3 Qb4 36. Ke3 Rc8 37. Kd3 Rc3+ 38.
Kd2 Qb2+ 39. Kd1 Rc1# 0-1

[Event "DEM U10w 2019"]
[Site "Willingen GER"]
[Date "2019.06.10"]
[Round "4"]
[White "Neininger, Sarah"]
[Black "Hoffmann, Svenja"]
[Result "1-0"]
[Termination "normal"]
[Board "13"]
[WhiteElo "920"]
[BlackElo "1072"]
[PlyCount "47"]
[WhiteFideId "16287410"]
[BlackFideId "16287312"]
[EventCountry "GER"]
[EventRounds "11"]
[EventType "swiss"]
[EventDate "2019.06.08"]

1. e4 e5 2. Nf3 Nc6 3. d4 exd4 4. Bc4 Bc5 5. c3 d6 6. cxd4 Bb6 7. d5 Nb4 8. a3
Na6 9. O-O Nf6 10. Bg5 h6 11. Bf4 Bg4 12. h3 Bxh3 13. gxh3 Nxe4 14. Nbd2 Nxd2
15. Qxd2 O-O 16. Bd3 Qf6 17. b4 Rfe8 18. b5 Nc5 19. Bc2 Qe7 20. Bxh6 Qd7 21.
Qg5 g6 22. Bxg6 Re7 23. Bh7+ Kh8 24. Qg7# 1-0

[Event "DEM U10w 2019"]
[Site "Willingen GER"]
[Date "2019.06.10"]
[Round "4"]
[White "Jannicke, Svea"]
[Black "Stepanjan, Tatevik Mia"]
[Result "1-0"]
[Termination "normal"]
[Board "14"]
[WhiteElo "1062"]
[BlackElo "940"]
[PlyCount "65"]
[WhiteFideId "16287320"]
[BlackFideId "16246128"]
[EventCountry "GER"]
[EventRounds "11"]
[EventType "swiss"]
[EventDate "2019.06.08"]

1. Nf3 d5 2. c4 Nf6 3. d3 Nc6 4. g3 e5 5. Bg2 d4 6. Nbd2 Bb4 7. a3 Bc5 8. b4
Be7 9. Bb2 Bg4 10. O-O O-O 11. Qc2 Qd7 12. Rfe1 Bh3 13. Rac1 Bxg2 14. Kxg2 Qg4
15. b5 Nb8 16. Nxe5 Qe6 17. Bxd4 Rd8 18. Bc3 Nbd7 19. Nxd7 Rxd7 20. a4 Ba3 21.
Bb2 Bxb2 22. Qxb2 Nh5 23. Nf3 Qg4 24. Qd2 Rd6 25. Qg5 Rg6 26. Qxg4 Rxg4 27. e3
Re8 28. a5 Re6 29. c5 Rgg6 30. b6 axb6 31. cxb6 cxb6 32. Rc8+ Re8 33. Rxe8# 1-0

[Event "DEM U10w 2019"]
[Site "Willingen GER"]
[Date "2019.06.10"]
[Round "4"]
[White "Niederdorfer, Mathilda"]
[Black "Matthes, Aimee"]
[Result "1-0"]
[Termination "normal"]
[Board "15"]
[WhiteElo "1036"]
[BlackElo "918"]
[PlyCount "77"]
[WhiteFideId "16275845"]
[BlackFideId "16287371"]
[EventCountry "GER"]
[EventRounds "11"]
[EventType "swiss"]
[EventDate "2019.06.08"]

1. e4 e5 2. f4 Nc6 3. Nf3 d6 4. Bc4 Nf6 5. Nc3 Be6 6. Bb3 d5 7. fxe5 Ng4 8.
exd5 Bxd5 9. Bxd5 Na5 10. d4 Bb4 11. Bc4 O-O 12. Bb3 Qe8 13. O-O c5 14. Ba4 Nc6
15. d5 Na5 16. Bxe8 Rfxe8 17. Bf4 c4 18. Nb5 Bc5+ 19. Nbd4 h5 20. Bg5 h4 21.
Nxh4 Rxe5 22. Rf5 Re4 23. c3 Rae8 24. Qd2 Bd6 25. Nhf3 Ne5 26. b4 Nxf3+ 27.
Rxf3 Bxb4 28. cxb4 Nb3 29. axb3 cxb3 30. Rxb3 a6 31. Rg3 R4e5 32. Nf3 Re2 33.
Qc3 R8e4 34. Re1 f6 35. Bxf6 Kf8 36. Bxg7+ Kg8 37. Bh6+ Kf7 38. Rg7+ Ke8 39.
Qc8# 1-0

[Event "DEM U10w 2019"]
[Site "Willingen GER"]
[Date "2019.06.10"]
[Round "4"]
[White "Marrufo, Emilia"]
[Black "Krasikova, Milana"]
[Result "0-1"]
[Termination "normal"]
[Board "16"]
[WhiteElo "753"]
[BlackElo "1023"]
[PlyCount "72"]
[WhiteFideId "16287363"]
[BlackFideId "16287347"]
[EventCountry "GER"]
[EventRounds "11"]
[EventType "swiss"]
[EventDate "2019.06.08"]

1. d4 d5 2. e3 Nf6 3. Bd3 Nc6 4. c3 Bg4 5. Qb3 Rb8 6. Nd2 e5 7. Ngf3 e4 8. Bxe4
dxe4 9. Ne5 Nxe5 10. dxe5 Be6 11. Qd1 Nd7 12. O-O f6 13. Nxe4 Nxe5 14. f4 Nc6
15. f5 Bc4 16. Re1 Qxd1 17. Rxd1 Rd8 18. Bd2 Bd3 19. Nf2 Bc2 20. Re1 Rxd2 21.
Rac1 Bc5 22. e4 Bxf2+ 23. Kf1 Bxe1 24. Rxe1 Rd1 25. g4 Rxe1+ 26. Kxe1 O-O 27.
h4 Bxe4 28. g5 fxg5 29. hxg5 Rxf5 30. b4 Rxg5 31. a4 a6 32. Kd2 Rg3 33. a5 Bd3
34. Kd1 Ne5 35. b5 Nf3 36. b6 Rg1# 0-1